| 000 | 00598nam a2200205 i 4500 | ||
|---|---|---|---|
| 001 | 67387 | ||
| 003 | ES-MaACL | ||
| 005 | 20250702020221.0 | ||
| 007 | t| | ||
| 008 | 040521s1996 ag ||||1| spa d | ||
| 020 | _a950-9546-69-0 | ||
| 080 | _a1 Descartes, René | ||
| 100 | 1 |
_aJaspers, Karl. _966154 |
|
| 245 | 1 | 0 |
_aDescartes y la filosofía / _cKarl Jaspers. |
| 260 |
_aBuenos Aires : _bLeviatán, _c[1996] |
||
| 300 |
_a122 p. ; _c20 cm. |
||
| 600 | 1 | 4 |
_aDescartes, René, _d1846-1881- _xCrítica e interpretación _943839 |
| 852 |
_aES-MaACL _jL-27591 _bR.133122 |
||
| 999 |
_c67387 _d67387 |
||